[Event "Quebec City-ch"]
[Site "Quebec CAN"]
[Date "2005.08.21"]
[Round "2"]
[White "St Amand, Paul Jr"]
[Black "Caire, Francois"]
[Result "1/2-1/2"]
[WhiteElo "2062"]
[BlackElo "2208"]
[PlyCount "68"]
[GameId "2160767910900582"]
[EventDate "2005.08.20"]
[EventType "tourn"]
[EventRounds "7"]
[EventCountry "CAN"]
[SourceTitle "EXT 2007"]
[Source "ChessBase"]
[SourceDate "2006.11.23"]
[SourceVersion "1"]
[SourceVersionDate "2006.11.23"]
[SourceQuality "1"]

1. e4 c5 2. Nf3 Nc6 3. d4 cxd4 4. Nxd4 Nf6 5. Nc3 e5 6. Ndb5 d6 7. Bg5 a6 8. Na3 b5 9. Bxf6 gxf6 10. Nd5 f5 11. Bd3 Be6 12. c3 Bg7 13. Qh5 O-O 14. exf5 Bxd5 15. f6 e4 16. fxg7 Re8 17. Be2 Re5 18. Qh6 b4 19. Nc2 bxc3 20. bxc3 Qg5 21. Qxg5 Rxg5 22. Ne3 Be6 23. O-O Rc5 24. Rfd1 d5 25. Rab1 Kxg7 26. Rb6 a5 27. f3 Ne7 28. fxe4 dxe4 29. c4 Rac8 30. Rd4 Nf5 31. Rxe4 Nxe3 32. Rxe3 Bxc4 33. Bxc4 Rxc4 34. Re2 R8c5 1/2-1/2

[Event "Quebec City-ch"]
[Site "Quebec CAN"]
[Date "2005.08.21"]
[Round "2"]
[White "Valley, Michel"]
[Black "Audet-Bouchard, Nicolas"]
[Result "1/2-1/2"]
[WhiteElo "2002"]
[BlackElo "2146"]
[PlyCount "38"]
[GameId "2160767910900583"]
[EventDate "2005.08.20"]
[EventType "tourn"]
[EventRounds "7"]
[EventCountry "CAN"]
[SourceTitle "EXT 2007"]
[Source "ChessBase"]
[SourceDate "2006.11.23"]
[SourceVersion "1"]
[SourceVersionDate "2006.11.23"]
[SourceQuality "1"]

1. d4 Nf6 2. c4 e6 3. Nc3 Bb4 4. Qc2 d5 5. a3 Bxc3+ 6. Qxc3 Ne4 7. Qc2 Nc6 8. Nf3 e5 9. e3 Bf5 10. Bd3 exd4 11. exd4 Bg6 12. O-O O-O 13. Bf4 Re8 14. Bxc7 Nxd4 15. Nxd4 Qxc7 16. cxd5 Qe5 17. Nf3 Qxd5 18. Rad1 Rac8 19. Bxe4 Qxe4 1/2-1/2

[Event "Quebec City-ch"]
[Site "Quebec CAN"]
[Date "2005.08.22"]
[Round "3"]
[White "Audet-Bouchard, Nicolas"]
[Black "Berube, Antoine"]
[Result "1-0"]
[WhiteElo "2146"]
[BlackElo "2272"]
[PlyCount "78"]
[GameId "2160767910900584"]
[EventDate "2005.08.20"]
[EventType "tourn"]
[EventRounds "7"]
[EventCountry "CAN"]
[SourceTitle "EXT 2007"]
[Source "ChessBase"]
[SourceDate "2006.11.23"]
[SourceVersion "1"]
[SourceVersionDate "2006.11.23"]
[SourceQuality "1"]

1. e4 c5 2. Nf3 d6 3. d4 cxd4 4. Nxd4 Nf6 5. Nc3 a6 6. Be3 e6 7. f3 b5 8. Qd2 Nbd7 9. Qf2 Bb7 10. g4 h6 11. O-O-O b4 12. Na4 Qa5 13. b3 Nc5 14. Bc4 Rc8 15. Qe2 Nxa4 16. bxa4 Qxa4 17. Bb3 Qa3+ 18. Kb1 Be7 19. h4 Nd7 20. g5 Nc5 21. Bc1 Qa5 22. g6 Nxb3 23. gxf7+ Kxf7 24. cxb3 Bf6 25. Bb2 Rc7 26. Rhg1 Rhc8 27. Qg2 Qh5 28. Qh3 Qe5 29. Rg2 Bxe4+ 30. fxe4 Qxe4+ 31. Qd3 Qxg2 32. h5 Kg8 33. Qe3 Bxd4 34. Qxd4 d5 35. Re1 e5 36. Qxe5 Qc2+ 37. Ka1 Qc6 38. Rg1 Qd7 39. Qf4 Rf8 1-0

[Event "Quebec City-ch"]
[Site "Quebec CAN"]
[Date "2005.08.22"]
[Round "3"]
[White "Auger, Bertrand"]
[Black "St Amand, Paul Jr"]
[Result "1/2-1/2"]
[WhiteElo "1996"]
[BlackElo "2062"]
[PlyCount "62"]
[GameId "2160767910900585"]
[EventDate "2005.08.20"]
[EventType "tourn"]
[EventRounds "7"]
[EventCountry "CAN"]
[SourceTitle "EXT 2007"]
[Source "ChessBase"]
[SourceDate "2006.11.23"]
[SourceVersion "1"]
[SourceVersionDate "2006.11.23"]
[SourceQuality "1"]

1. c4 c5 2. Nc3 Nc6 3. Nf3 Nf6 4. g3 e6 5. Bg2 d5 6. cxd5 Nxd5 7. O-O Be7 8. Nxd5 exd5 9. d4 O-O 10. h3 Bf5 11. Be3 c4 12. a3 Rc8 13. Nd2 Qd7 14. g4 Be6 15. f4 f5 16. g5 b5 17. Nf3 Rfd8 18. Bd2 Qb7 19. Qe1 Ra8 20. Qf2 a5 21. Rfb1 b4 22. Qe1 Rdb8 23. e3 bxa3 24. bxa3 Qa7 25. Bc1 Rxb1 26. Rxb1 Rb8 27. Rb2 Rxb2 28. Bxb2 Qb6 29. Bc1 Qb3 30. g6 hxg6 31. Ng5 Bxg5 1/2-1/2

[Event "Quebec City-ch"]
[Site "Quebec CAN"]
[Date "2005.08.22"]
[Round "3"]
[White "Beaudoin, Stephane"]
[Black "Lessard, Claude"]
[Result "1/2-1/2"]
[WhiteElo "2087"]
[BlackElo "1969"]
[PlyCount "66"]
[GameId "2160767910900586"]
[EventDate "2005.08.20"]
[EventType "tourn"]
[EventRounds "7"]
[EventCountry "CAN"]
[SourceTitle "EXT 2007"]
[Source "ChessBase"]
[SourceDate "2006.11.23"]
[SourceVersion "1"]
[SourceVersionDate "2006.11.23"]
[SourceQuality "1"]

1. e4 g6 2. d4 Bg7 3. Nc3 d6 4. Nf3 Nf6 5. h3 c6 6. a4 Na6 7. Bc4 Nc7 8. Bb3 d5 9. exd5 Ncxd5 10. Nxd5 cxd5 11. O-O O-O 12. Bf4 Ne4 13. Qe2 e6 14. Qe3 Nd6 15. Bxd6 Qxd6 16. h4 b6 17. Rfe1 Ba6 18. h5 b5 19. hxg6 hxg6 20. Ne5 b4 21. Qh3 Rac8 22. Nxg6 fxg6 23. Rxe6 Qf4 24. Rxa6 Qxf2+ 25. Kh1 Rf5 26. Rxg6 Kf7 27. Qh7 Rg8 28. Rd1 Kf8 29. Rc6 Ke7 30. Rc7+ Kd6 31. Rxg7 Rxg7 32. Qh6+ Rf6 33. Qxg7 Qh4+ 1/2-1/2

[Event "Quebec City-ch"]
[Site "Quebec CAN"]
[Date "2005.08.22"]
[Round "3"]
[White "Caire, Francois"]
[Black "Valley, Michel"]
[Result "1-0"]
[WhiteElo "2208"]
[BlackElo "2002"]
[PlyCount "67"]
[GameId "2160767910900587"]
[EventDate "2005.08.20"]
[EventType "tourn"]
[EventRounds "7"]
[EventCountry "CAN"]
[SourceTitle "EXT 2007"]
[Source "ChessBase"]
[SourceDate "2006.11.23"]
[SourceVersion "1"]
[SourceVersionDate "2006.11.23"]
[SourceQuality "1"]

1. d4 Nf6 2. c4 c5 3. d5 b5 4. cxb5 a6 5. Nc3 g6 6. e4 d6 7. Nf3 Bg7 8. bxa6 O-O 9. Be2 Nbd7 10. O-O Bxa6 11. Re1 Nb6 12. Qc2 Qc7 13. Bxa6 Rxa6 14. b3 Rfa8 15. Bb2 Qb7 16. Nd2 e6 17. dxe6 fxe6 18. e5 dxe5 19. a3 Nfd5 20. Nce4 Nf4 21. f3 Nd7 22. Nc4 Rb8 23. Rad1 Nd5 24. Ned2 Qc7 25. Qe4 Rd8 26. a4 N5f6 27. Qe2 Qa7 28. Nxe5 c4+ 29. Kh1 Nxe5 30. Bxe5 cxb3 31. Nxb3 Rxd1 32. Rxd1 Rxa4 33. Qb5 Nd5 34. Qe8+ 1-0

[Event "Quebec City-ch"]
[Site "Quebec CAN"]
[Date "2005.08.23"]
[Round "4"]
[White "Beaudoin, Stephane"]
[Black "Audet-Bouchard, Nicolas"]
[Result "1/2-1/2"]
[WhiteElo "2087"]
[BlackElo "2146"]
[PlyCount "79"]
[GameId "2160767910900588"]
[EventDate "2005.08.20"]
[EventType "tourn"]
[EventRounds "7"]
[EventCountry "CAN"]
[SourceTitle "EXT 2007"]
[Source "ChessBase"]
[SourceDate "2006.11.23"]
[SourceVersion "1"]
[SourceVersionDate "2006.11.23"]
[SourceQuality "1"]

1. e4 c5 2. Nf3 Nc6 3. Bb5 e6 4. Bxc6 bxc6 5. O-O d5 6. e5 c4 7. b3 Ba6 8. bxc4 Bxc4 9. d3 Ba6 10. Nc3 Bb4 11. Ne2 Ne7 12. Rb1 Rb8 13. Be3 Qc7 14. c3 Ba5 15. Rxb8+ Qxb8 16. Bc5 Qb5 17. Bxe7 Kxe7 18. Ned4 Qb6 19. Qc2 Rb8 20. Nd2 c5 21. N4f3 Qc6 22. Rc1 h6 23. d4 g6 24. Nb3 Bb6 25. Qd2 cxd4 26. cxd4 Qa4 27. h4 Rc8 28. Rxc8 Bxc8 29. Qxh6 Qxa2 30. Nc5 Qb1+ 31. Kh2 Qc2 32. Qh8 Bd8 33. Kg3 Qc3 34. Kh3 Qc2 35. Kg3 Qc3 36. Qg8 a5 37. Kh2 Qc2 38. Qh8 Qxf2 39. Qf6+ Ke8 40. Qh8+ 1/2-1/2

[Event "Quebec City-ch"]
[Site "Quebec CAN"]
[Date "2005.08.23"]
[Round "4"]
[White "Berube, Antoine"]
[Black "Caire, Francois"]
[Result "0-1"]
[WhiteElo "2272"]
[BlackElo "2208"]
[PlyCount "198"]
[GameId "2160767910900589"]
[EventDate "2005.08.20"]
[EventType "tourn"]
[EventRounds "7"]
[EventCountry "CAN"]
[SourceTitle "EXT 2007"]
[Source "ChessBase"]
[SourceDate "2006.11.23"]
[SourceVersion "1"]
[SourceVersionDate "2006.11.23"]
[SourceQuality "1"]

1. d4 Nf6 2. c4 e6 3. Nc3 Bb4 4. Nf3 b6 5. Bg5 Bb7 6. e3 h6 7. Bh4 Bxc3+ 8. bxc3 d6 9. Nd2 g5 10. Bg3 Nbd7 11. f3 Qe7 12. Bd3 O-O-O 13. a4 a5 14. Rb1 Nh5 15. Qe2 Kb8 16. Nb3 Nxg3 17. hxg3 Ka7 18. g4 c5 19. Kf2 Nf6 20. e4 e5 21. Qb2 Qc7 22. Nd2 h5 23. gxh5 Nxh5 24. Bc2 Rdg8 25. Rh2 Nf6 26. Rbh1 Rxh2 27. Rxh2 g4 28. Rh6 Qd8 29. Nf1 Rh8 30. Qc1 gxf3 31. gxf3 Nh5 32. Rxh8 Qxh8 33. dxc5 dxc5 34. Ng3 Nf4 35. Qh1 Qxh1 36. Nxh1 Ba6 37. Ke3 Bxc4 38. Nf2 Be6 39. Nd3 Nxd3 40. Bxd3 c4 41. Be2 b5 42. axb5 a4 43. Kd2 Kb6 44. Kc2 Kxb5 45. Kb2 f5 46. Ka3 fxe4 47. fxe4 Bd7 48. Bd1 Ka5 49. Be2 Bc6 50. Bxc4 Bxe4 51. Be6 Bc6 52. c4 e4 53. Bf5 e3 54. Bg4 Bd7 55. Be2 Bf5 56. Bf1 Be4 57. Be2 Bf5 58. Bf1 Bc2 59. Be2 Bb3 60. Bd3 Bd1 61. Bf1 Kb6 62. Kb4 Kc7 63. c5 Kd7 64. Bb5+ Ke7 65. Bc4 Bb3 66. Be2 Ke6 67. Bg4+ Ke5 68. Bf3 Bd5 69. Be2 Bc6 70. Bc4 Kd4 71. Be2 Be8 72. Ba6 Bd7 73. Be2 Bc6 74. Bf1 Ke4 75. Be2 Kf4 76. Bd3 Kg3 77. Be2 Kf2 78. Bd3 Ke1 79. Ba6 Kd2 80. Ka3 Kc3 81. Be2 Bd7 82. Bf1 Kd4 83. Kb4 a3 84. Kxa3 Kxc5 85. Kb3 Kd4 86. Be2 Ke4 87. Kc2 Ba4+ 88. Kc3 Kf4 89. Kd4 Bc6 90. Kc3 Kg3 91. Kd4 Kf2 92. Bc4 Bg2 93. Bb5 Bh3 94. Bc4 Be6 95. Bb5 Bc8 96. Bc4 Bg4 97. Bb5 Bd1 98. Bc4 Be2 99. Be6 Bf1 0-1

[Event "Quebec City-ch"]
[Site "Quebec CAN"]
[Date "2005.08.23"]
[Round "4"]
[White "Lessard, Claude"]
[Black "St Amand, Paul Jr"]
[Result "1/2-1/2"]
[WhiteElo "1969"]
[BlackElo "2062"]
[PlyCount "99"]
[GameId "2160767910900590"]
[EventDate "2005.08.20"]
[EventType "tourn"]
[EventRounds "7"]
[EventCountry "CAN"]
[SourceTitle "EXT 2007"]
[Source "ChessBase"]
[SourceDate "2006.11.23"]
[SourceVersion "1"]
[SourceVersionDate "2006.11.23"]
[SourceQuality "1"]

1. d4 Nf6 2. Nf3 e6 3. c4 c5 4. d5 exd5 5. cxd5 d6 6. Nc3 g6 7. e4 Bg7 8. Bb5+ Nbd7 9. O-O O-O 10. Bf4 Qe7 11. Re1 Nh5 12. Bg5 f6 13. Bh4 Ne5 14. Nxe5 Qxe5 15. Be2 Nf4 16. Bg3 Nxe2+ 17. Qxe2 Qe7 18. Qb5 Qc7 19. Rac1 a6 20. Qe2 b5 21. h4 Bd7 22. h5 Rae8 23. hxg6 hxg6 24. f4 f5 25. e5 dxe5 26. fxe5 f4 27. d6 Qc6 28. Bf2 Bxe5 29. Qd2 Qxd6 30. Qxd6 Bxd6 31. Ne4 Be5 32. Nxc5 Bc8 33. b3 a5 34. Rcd1 Bc3 35. Rxe8 Rxe8 36. a4 bxa4 37. Nxa4 Bb4 38. Nb6 Be6 39. Nd5 Bxd5 40. Rxd5 Re2 41. Bb6 Rb2 42. Bxa5 Bxa5 43. Rxa5 Rxb3 44. Ra4 f3 45. gxf3 Rxf3 46. Kg2 Rf5 47. Ra7 Rf7 48. Ra6 Kg7 49. Kg3 Kh6 50. Ra3 1/2-1/2

[Event "Quebec City-ch"]
[Site "Quebec CAN"]
[Date "2005.08.23"]
[Round "4"]
[White "Valley, Michel"]
[Black "Auger, Bertrand"]
[Result "1/2-1/2"]
[WhiteElo "2002"]
[BlackElo "1996"]
[PlyCount "118"]
[GameId "2160767910900591"]
[EventDate "2005.08.20"]
[EventType "tourn"]
[EventRounds "7"]
[EventCountry "CAN"]
[SourceTitle "EXT 2007"]
[Source "ChessBase"]
[SourceDate "2006.11.23"]
[SourceVersion "1"]
[SourceVersionDate "2006.11.23"]
[SourceQuality "1"]

1. d4 e6 2. c4 Nf6 3. Nc3 Bb4 4. Qc2 O-O 5. a3 Bxc3+ 6. Qxc3 b6 7. Bg5 h6 8. Bh4 Bb7 9. f3 d5 10. e3 Nbd7 11. Bd3 c5 12. dxc5 Nxc5 13. Rd1 Nfe4 14. Bxd8 Nxc3 15. bxc3 Rfxd8 16. cxd5 Bxd5 17. Bc2 Bb3 18. Bxb3 Nxb3 19. Ne2 Rxd1+ 20. Kxd1 Rd8+ 21. Kc2 Rd2+ 22. Kxb3 Rxe2 23. Rd1 Rxg2 24. Rd8+ Kh7 25. Rd7 Rxh2 26. Rxa7 Re2 27. Rxf7 Rxe3 28. Kc4 h5 29. Kd4 Re2 30. Rb7 Rb2 31. Re7 Rd2+ 32. Ke3 Rd6 33. Kf4 Kg8 34. Kg5 Kf8 35. Rb7 Rd5+ 36. Kg6 Rf5 37. Rxb6 Rxf3 38. Kxh5 Kf7 39. Rc6 Rf5+ 40. Kg4 Ra5 41. c4 Rxa3 42. c5 Kf6 43. Rc8 Ra4+ 44. Kf3 Kf5 45. c6 Ra3+ 46. Kf2 Rc3 47. Ke2 Rc5 48. Rf8+ Ke4 49. Rg8 g5 50. c7 Rc2+ 51. Kd1 Rxc7 52. Rxg5 Kf4 53. Ra5 e5 54. Ke2 Rc2+ 55. Ke1 e4 56. Ra3 Rh2 57. Rb3 Ra2 58. Rc3 e3 59. Rc8 Ra1+ 1/2-1/2

[Event "Quebec City-ch"]
[Site "Quebec CAN"]
[Date "2005.08.24"]
[Round "5"]
[White "Audet-Bouchard, Nicolas"]
[Black "Lessard, Claude"]
[Result "1-0"]
[WhiteElo "2146"]
[BlackElo "1969"]
[PlyCount "67"]
[GameId "2160767910900592"]
[EventDate "2005.08.20"]
[EventType "tourn"]
[EventRounds "7"]
[EventCountry "CAN"]
[SourceTitle "EXT 2007"]
[Source "ChessBase"]
[SourceDate "2006.11.23"]
[SourceVersion "1"]
[SourceVersionDate "2006.11.23"]
[SourceQuality "1"]

1. e4 g6 2. d4 Bg7 3. Nc3 c5 4. dxc5 Qa5 5. Qd3 Nc6 6. Nf3 Qxc5 7. Be3 Qa5 8. Be2 d6 9. O-O Nf6 10. h3 O-O 11. Nd4 a6 12. f4 Nh5 13. Nb3 Qd8 14. Bxh5 gxh5 15. Rad1 f5 16. e5 Qe8 17. exd6 exd6 18. Rfe1 Qg6 19. Nd5 Kh8 20. Nd4 Rf7 21. Nb6 Rb8 22. Nxc6 bxc6 23. Qxd6 Qxd6 24. Rxd6 Bb7 25. Nc4 Rg8 26. Red1 Rff8 27. Rd7 Ba8 28. Bc5 Rb8 29. b3 Rb5 30. Nd6 Bf6 31. Nxb5 cxb5 32. R1d2 Bc3 33. Bd4+ Bxd4+ 34. R7xd4 1-0

[Event "Quebec City-ch"]
[Site "Quebec CAN"]
[Date "2005.08.24"]
[Round "5"]
[White "Auger, Bertrand"]
[Black "Berube, Antoine"]
[Result "1-0"]
[WhiteElo "1996"]
[BlackElo "2272"]
[PlyCount "33"]
[GameId "2160767910900593"]
[EventDate "2005.08.20"]
[EventType "tourn"]
[EventRounds "7"]
[EventCountry "CAN"]
[SourceTitle "EXT 2007"]
[Source "ChessBase"]
[SourceDate "2006.11.23"]
[SourceVersion "1"]
[SourceVersionDate "2006.11.23"]
[SourceQuality "1"]

1. c4 c6 2. Nf3 Nf6 3. g3 d5 4. b3 Bf5 5. Bg2 Nbd7 6. Bb2 e6 7. O-O Bd6 8. d3 O-O 9. Nbd2 e5 10. e4 dxe4 11. dxe4 Bg4 12. Qc2 Qc7 13. a3 a5 14. Bc3 b5 15. b4 a4 16. c5 Be7 17. Qb2 1-0

[Event "Quebec City-ch"]
[Site "Quebec CAN"]
[Date "2005.08.24"]
[Round "5"]
[White "Caire, Francois"]
[Black "Beaudoin, Stephane"]
[Result "1-0"]
[WhiteElo "2208"]
[BlackElo "2087"]
[PlyCount "125"]
[GameId "2160767910900594"]
[EventDate "2005.08.20"]
[EventType "tourn"]
[EventRounds "7"]
[EventCountry "CAN"]
[SourceTitle "EXT 2007"]
[Source "ChessBase"]
[SourceDate "2006.11.23"]
[SourceVersion "1"]
[SourceVersionDate "2006.11.23"]
[SourceQuality "1"]

1. d4 Nf6 2. c4 e6 3. Nf3 b6 4. a3 Bb7 5. Nc3 d6 6. e4 Nbd7 7. Bd3 Be7 8. O-O O-O 9. Re1 e5 10. d5 Nc5 11. Bc2 a5 12. h3 Ne8 13. Rb1 g6 14. b4 axb4 15. axb4 Nd7 16. Bh6 Ng7 17. Qd2 Ra6 18. Ba4 Nf6 19. c5 Bc8 20. Bb5 Ra8 21. c6 Ba6 22. Ba4 Bc8 23. Ra1 Nfh5 24. Bb5 Rxa1 25. Rxa1 Bf6 26. Ra8 Qe7 27. Bf1 Nf4 28. Nb5 Rd8 29. Ra7 Ne8 30. Ra8 Bg7 31. Bxf4 exf4 32. Na7 Ba6 33. Rxd8 Qxd8 34. Bxa6 Qa8 35. Qxf4 Qxa7 36. Bf1 Qa1 37. Qg4 h6 38. b5 Qc3 39. h4 Qf6 40. Nd2 Qc3 41. Nf3 Qb2 42. g3 Bd4 43. Nxd4 Qxd4 44. Qe2 h5 45. Kg2 Nf6 46. f3 Kg7 47. Qf2 Qxf2+ 48. Kxf2 Ng8 49. Bh3 Ne7 50. Ke3 f5 51. Kf4 Kf6 52. Bf1 fxe4 53. fxe4 Ng8 54. Bh3 Ke7 55. Kg5 Nf6 56. Bg2 Ng4 57. Kxg6 Ne5+ 58. Kg5 Kf7 59. Bf1 Nf3+ 60. Kxh5 Kf6 61. Kh6 Ke5 62. Kg6 Nd2 63. Bg2 1-0

[Event "Quebec City-ch"]
[Site "Quebec CAN"]
[Date "2005.08.24"]
[Round "5"]
[White "St Amand, Paul Jr"]
[Black "Valley, Michel"]
[Result "1/2-1/2"]
[WhiteElo "2062"]
[BlackElo "2002"]
[PlyCount "61"]
[GameId "2160767910900595"]
[EventDate "2005.08.20"]
[EventType "tourn"]
[EventRounds "7"]
[EventCountry "CAN"]
[SourceTitle "EXT 2007"]
[Source "ChessBase"]
[SourceDate "2006.11.23"]
[SourceVersion "1"]
[SourceVersionDate "2006.11.23"]
[SourceQuality "1"]

1. e4 c5 2. Nf3 d6 3. c3 Nf6 4. Bd3 Nc6 5. Bc2 Bg4 6. d3 g6 7. Nbd2 Bg7 8. h3 Bd7 9. O-O O-O 10. Re1 b5 11. d4 b4 12. Nc4 bxc3 13. bxc3 Na5 14. Ne3 Rc8 15. d5 Bb5 16. Rb1 Bc4 17. Nxc4 Nxc4 18. Bd3 Nb6 19. c4 Nfd7 20. Bf4 Ne5 21. Nxe5 Bxe5 22. Bxe5 dxe5 23. Qd2 Rc7 24. Qc3 Qd6 25. Bc2 f6 26. a4 Qd7 27. a5 Nc8 28. Rb2 Nd6 29. Reb1 Rfc8 30. f3 Qe8 31. Kh2 1/2-1/2

[Event "Quebec City-ch"]
[Site "Quebec CAN"]
[Date "2005.08.25"]
[Round "6"]
[White "Audet-Bouchard, Nicolas"]
[Black "Caire, Francois"]
[Result "1/2-1/2"]
[WhiteElo "2146"]
[BlackElo "2208"]
[PlyCount "34"]
[GameId "2160767910900596"]
[EventDate "2005.08.20"]
[EventType "tourn"]
[EventRounds "7"]
[EventCountry "CAN"]
[SourceTitle "EXT 2007"]
[Source "ChessBase"]
[SourceDate "2006.11.23"]
[SourceVersion "1"]
[SourceVersionDate "2006.11.23"]
[SourceQuality "1"]

1. e4 e5 2. Nf3 Nc6 3. Bb5 a6 4. Ba4 d6 5. d4 b5 6. Bb3 Nxd4 7. Nxd4 exd4 8. Bd5 Rb8 9. Qxd4 Ne7 10. a4 c5 11. Qd3 Nxd5 12. exd5 b4 13. O-O Be7 14. Nd2 a5 15. b3 O-O 16. Bb2 Bf6 17. Bxf6 Qxf6 1/2-1/2

[Event "Quebec City-ch"]
[Site "Quebec CAN"]
[Date "2005.08.25"]
[Round "6"]
[White "Beaudoin, Stephane"]
[Black "Auger, Bertrand"]
[Result "1-0"]
[WhiteElo "2087"]
[BlackElo "1996"]
[PlyCount "75"]
[GameId "2160767910900597"]
[EventDate "2005.08.20"]
[EventType "tourn"]
[EventRounds "7"]
[EventCountry "CAN"]
[SourceTitle "EXT 2007"]
[Source "ChessBase"]
[SourceDate "2006.11.23"]
[SourceVersion "1"]
[SourceVersionDate "2006.11.23"]
[SourceQuality "1"]

1. e4 e6 2. d4 d5 3. Nc3 Bb4 4. Bd2 dxe4 5. Qg4 Nf6 6. Qxg7 Rg8 7. Qh6 Rg6 8. Qh4 Nc6 9. O-O-O Rg4 10. Qh6 Rg6 11. Qf4 Rg4 12. Qe3 Nxd4 13. Nb5 Bc5 14. Qc3 Bb6 15. Be3 Nd5 16. Rxd4 Nxc3 17. Rxd8+ Kxd8 18. Nxc3 f5 19. g3 Bd7 20. Nge2 Bc6 21. Bh3 Rg8 22. Rd1+ Ke7 23. Nd4 Bd7 24. Bf4 a6 25. Nce2 c5 26. Nb3 Rac8 27. Bd6+ Ke8 28. Nf4 Rc6 29. Be5 Bd8 30. Bf1 Be7 31. Na5 Rb6 32. Bc7 Rb4 33. c3 Ra4 34. Nxb7 Rxa2 35. Kb1 Ra4 36. b3 Ra3 37. Kb2 c4 38. Bxc4 1-0

[Event "Quebec City-ch"]
[Site "Quebec CAN"]
[Date "2005.08.25"]
[Round "6"]
[White "Berube, Antoine"]
[Black "St Amand, Paul Jr"]
[Result "1/2-1/2"]
[WhiteElo "2272"]
[BlackElo "2062"]
[PlyCount "34"]
[GameId "2160767910900598"]
[EventDate "2005.08.20"]
[EventType "tourn"]
[EventRounds "7"]
[EventCountry "CAN"]
[SourceTitle "EXT 2007"]
[Source "ChessBase"]
[SourceDate "2006.11.23"]
[SourceVersion "1"]
[SourceVersionDate "2006.11.23"]
[SourceQuality "1"]

1. e4 c5 2. Nf3 d6 3. d4 cxd4 4. Nxd4 Nf6 5. Nc3 a6 6. Be3 e5 7. Nb3 Be6 8. f3 Nbd7 9. Qd2 b5 10. O-O-O h5 11. Nd5 Bxd5 12. exd5 Nb6 13. Bxb6 Qxb6 14. g3 g6 15. Kb1 Bh6 16. Qe1 O-O 17. g4 Qe3 1/2-1/2

[Event "Quebec City-ch"]
[Site "Quebec CAN"]
[Date "2005.08.25"]
[Round "6"]
[White "Lessard, Claude"]
[Black "Valley, Michel"]
[Result "0-1"]
[WhiteElo "1969"]
[BlackElo "2002"]
[PlyCount "72"]
[GameId "2160767910900599"]
[EventDate "2005.08.20"]
[EventType "tourn"]
[EventRounds "7"]
[EventCountry "CAN"]
[SourceTitle "EXT 2007"]
[Source "ChessBase"]
[SourceDate "2006.11.23"]
[SourceVersion "1"]
[SourceVersionDate "2006.11.23"]
[SourceQuality "1"]

1. d4 Nf6 2. Nf3 g6 3. g3 Bg7 4. Bg2 O-O 5. O-O d5 6. Nbd2 c5 7. dxc5 Nc6 8. Nb3 e5 9. Bg5 h6 10. Bxf6 Bxf6 11. Qd2 Bg7 12. c3 Be6 13. Rfd1 Qe7 14. Ne1 Rfd8 15. Nc2 a5 16. e4 dxe4 17. Qe3 f5 18. Bf1 Rf8 19. Na3 a4 20. Rd6 Kh7 21. Nd2 f4 22. Qxe4 Bf5 23. Qe2 fxg3 24. hxg3 e4 25. Ndc4 Qg5 26. Qe3 Qh5 27. Be2 Bg4 28. Bxg4 Qxg4 29. Re1 Rae8 30. Qe2 Rf3 31. Ne3 Qh5 32. Nac4 Ref8 33. Nd1 Qh3 34. Rf1 Be5 35. Nxe5 Nxe5 36. Ne3 R3f7 0-1

[Event "Quebec City-ch"]
[Site "Quebec CAN"]
[Date "2005.08.26"]
[Round "7"]
[White "Auger, Bertrand"]
[Black "Audet-Bouchard, Nicolas"]
[Result "0-1"]
[WhiteElo "1969"]
[BlackElo "2146"]
[PlyCount "34"]
[GameId "2160767910900600"]
[EventDate "2005.08.20"]
[EventType "tourn"]
[EventRounds "7"]
[EventCountry "CAN"]
[SourceTitle "EXT 2007"]
[Source "ChessBase"]
[SourceDate "2006.11.23"]
[SourceVersion "1"]
[SourceVersionDate "2006.11.23"]
[SourceQuality "1"]

1. c4 b6 2. Nf3 Bb7 3. g3 Bxf3 4. exf3 c5 5. d4 cxd4 6. Qxd4 Nc6 7. Qd3 Rc8 8. b3 b5 9. Qc3 e6 10. c5 b4 11. Qb2 Bxc5 12. Be3 Be7 13. Nd2 Bf6 14. Qb1 d5 15. Bc5 Bxa1 16. Qxa1 Qf6 17. Qb1 Qc3 0-1

[Event "Quebec City-ch"]
[Site "Quebec CAN"]
[Date "2005.08.26"]
[Round "7"]
[White "Caire, Francois"]
[Black "Lessard, Claude"]
[Result "1/2-1/2"]
[WhiteElo "2208"]
[BlackElo "1969"]
[PlyCount "29"]
[GameId "2160767910900601"]
[EventDate "2005.08.20"]
[EventType "tourn"]
[EventRounds "7"]
[EventCountry "CAN"]
[SourceTitle "EXT 2007"]
[Source "ChessBase"]
[SourceDate "2006.11.23"]
[SourceVersion "1"]
[SourceVersionDate "2006.11.23"]
[SourceQuality "1"]

1. d4 Nf6 2. c4 c5 3. e3 g6 4. Nf3 Bg7 5. Nc3 O-O 6. Be2 d5 7. dxc5 Qa5 8. cxd5 Nxd5 9. Qxd5 Bxc3+ 10. Bd2 Bxd2+ 11. Qxd2 Qxc5 12. O-O Nc6 13. Rac1 Qb6 14. Rfd1 Bg4 15. h3 1/2-1/2

[Event "Quebec City-ch"]
[Site "Quebec CAN"]
[Date "2005.08.26"]
[Round "7"]
[White "St Amand, Paul Jr"]
[Black "Beaudoin, Stephane"]
[Result "0-1"]
[WhiteElo "2062"]
[BlackElo "2087"]
[PlyCount "118"]
[GameId "2160767910900602"]
[EventDate "2005.08.20"]
[EventType "tourn"]
[EventRounds "7"]
[EventCountry "CAN"]
[SourceTitle "EXT 2007"]
[Source "ChessBase"]
[SourceDate "2006.11.23"]
[SourceVersion "1"]
[SourceVersionDate "2006.11.23"]
[SourceQuality "1"]

1. e4 g6 2. d4 Bg7 3. Nc3 d6 4. f4 Nf6 5. Nf3 O-O 6. Bd3 Na6 7. e5 Nd7 8. Be3 Nb4 9. Be2 Nb6 10. a3 N4d5 11. Nxd5 Nxd5 12. Bd2 Bg4 13. O-O c6 14. c4 Nb6 15. Be3 f6 16. exf6 exf6 17. Qd2 d5 18. b3 Re8 19. c5 Nd7 20. Bd3 Bxf3 21. Rxf3 f5 22. b4 a6 23. Rb1 Nf6 24. h3 Ne4 25. Qc2 Bf6 26. Kh1 Qd7 27. Bf1 Qg7 28. Qd3 h5 29. g3 h4 30. g4 Ng3+ 31. Kg2 Re4 32. Rd1 fxg4 33. hxg4 Rae8 34. g5 Bd8 35. Kh2 Bc7 36. Bg2 Nf5 37. Bc1 Nxd4 38. Rf2 Re2 39. Rdf1 Rxf2 40. Rxf2 Nf5 41. Re2 Rxe2 42. Qxe2 Kf7 43. Qd3 Qd4 44. Qxd4 Nxd4 45. Bf1 Ne6 46. Kh3 Bxf4 47. Bxf4 Nxf4+ 48. Kg4 Ne6 49. Kxh4 Nd4 50. Bd3 Nf3+ 51. Kg3 Nxg5 52. Kf4 Kf6 53. Bf1 Ne6+ 54. Ke3 Ke5 55. Bh3 d4+ 56. Kd2 g5 57. Kc2 a5 58. Kd2 axb4 59. axb4 Kd5 0-1